|
|
|
|
| LEADER |
00000cam a2200000 a 4500 |
| 001 |
vtls008381501 |
| 003 |
SK-MaSNL |
| 005 |
20260301075447.0 |
| 008 |
180812s1928 xo 000 0 slo |
| 015 |
|
|
|a SNBA19191938-005991
|
| 035 |
|
|
|a SK01SNKBSKHR20010073718
|
| 035 |
|
|
|a SKM000076181
|
| 040 |
|
|
|a SNK
|b slo
|c SNK
|e AACR2
|
| 041 |
1 |
|
|a slo
|
| 044 |
|
|
|a xo
|c SK
|
| 080 |
|
|
|a 943.76
|2 1981
|
| 245 |
0 |
0 |
|a Kultúrny vývoj Kysúc (horných) v rokoch 1918-1928
|c [zostavila Propagačná komisia poriadateľského sboru jubilejných slávností (P.S.J.S.) ; redakcia R. Kľačanský]
|
| 260 |
|
|
|a Čadca
|b Propagačná komisia P.S.J.S.
|c 1928
|e Čadca
|f Emil Taub
|
| 300 |
|
|
|a 83, [4] s.
|c 8°
|
| 563 |
|
|
|a 1000 výtl.
|
| 648 |
|
7 |
|a 1918-1928
|2 SNKPH
|9 309206
|
| 650 |
0 |
7 |
|a kultúrne dejiny
|2 SNKPH
|9 4307
|
| 651 |
|
7 |
|a Kysuce (Slovensko : región)
|2 SNK
|9 165903
|
| 655 |
|
7 |
|a jubilejné publikácie
|2 SNKPH
|9 70339
|
| 700 |
1 |
|
|a Kľačanský, Róbert,
|d 1890-1951
|4 lso
|9 126088
|
| 958 |
|
|
|a OND
|
| 958 |
|
|
|a RK
|
| 958 |
|
|
|a TL
|
| 999 |
|
|
|c 650270
|d 652200
|
| 952 |
|
|
|t P60, <04>, [BOOK], {604}
|a SNK
|b SNK
|y VYP
|7 0
|p 17A0186120
|o snkSD 3242 D1
|0 0
|1 0
|4 0
|d 1999-04-29
|l 0
|r 2005-01-02 00:00:00
|w 2026-02-23
|